Sistema del comercio internacional

Salvato in:
Dettagli Bibliografici
Autore principale: Fernández Rozas, José Carlos (Autore)
Natura: Libro
Lingua:spagnolo
Pubblicazione: Madrid Civitas 2001
Edizione:1a. ed
Serie:Biblioteca Civitas Economía y Empresa. Colección Economía
Soggetti:
Tags: Aggiungi Tag
Nessun Tag, puoi essere il primo ad aggiungerne!!

MARC

LEADER 00000nam a2200000 a 4500
001 UCL9569
003 CL-VaPUC
008 040813e20010000SP |||||||||||||||||spa|d
020 |a 8447015920 
082 0 4 |a 382  |b FER  |2 21 
100 0 |a Fernández Rozas, José Carlos  |e author  |9 487436 
245 1 0 |a Sistema del comercio internacional 
250 |a 1a. ed 
300 |a 384 p 
942 |c BK 
945 |d 20040813 00:00:00  |a cmena 
260 |a Madrid  |b Civitas  |c 2001 
650 7 |a COMERCIO INTERNACIONAL  |2 CL-VaPUC  |9 487437 
650 0 |a Economía internacional  |9 258254 
650 0 |a Tratados internacionales   |9 256056 
650 0 |a Desarrollo económico y social   |9 256320 
650 0 |a Globalización  |9 361930 
583 |a last modification  |c 20040813 00:00:00  |k Rodrigo Vera 
490 0 |a Biblioteca Civitas Economía y Empresa. Colección Economía 
999 |c 310314  |d 310312 
952 |0 0  |1 0  |4 0  |6 382_000000000000000_FER_2001  |7 0  |8 A  |9 378612  |a BIBDER  |b BIBDER  |d 2019-11-21  |i 404603K  |l 1  |o 382 FER 2001  |p 404603K  |r 2023-01-25  |s 2021-11-05  |w 2019-11-21  |y BK  |k DER